The rise of the Irish trade unions, 1729-1970.

Saved in:
Bibliographic Details
Main Author: Boyd, Andrew
Format: Book
Language:Undetermined
Published: Tralee, Ire Anvil Books 1957
Subjects:
Tags: Add Tag
No Tags, Be the first to tag this record!
Institutions: Trung tâm Học liệu Trường Đại học Cần Thơ
LEADER 00523nam a2200205Ia 4500
001 CTU_86468
008 210402s9999 xx 000 0 und d
082 |a 331.8 
082 |b B789 
100 |a Boyd, Andrew 
245 4 |a The rise of the Irish trade unions, 1729-1970. 
245 0 |c Andrew Boyd 
260 |a Tralee, Ire 
260 |b Anvil Books 
260 |c 1957 
650 |a Labor unions 
650 |x History 
650 |z Ireland 
904 |i Năm 
980 |a Trung tâm Học liệu Trường Đại học Cần Thơ